<?xml version="1.0" encoding="UTF-8"?>
<record
    xmlns:xsi="http://www.w3.org/2001/XMLSchema-instance"
    xsi:schemaLocation="http://www.loc.gov/MARC21/slim http://www.loc.gov/standards/marcxml/schema/MARC21slim.xsd"
    xmlns="http://www.loc.gov/MARC21/slim">

  <leader>00562nam a2200193   4500</leader>
  <controlfield tag="003">SEACOMEC</controlfield>
  <controlfield tag="005">20240703134511.0</controlfield>
  <controlfield tag="008">240703b        |||||||| |||| 00| 0 eng d</controlfield>
  <datafield tag="020" ind1=" " ind2=" ">
    <subfield code="a">81-317-0739-3</subfield>
    <subfield code="c">Rs.350.00</subfield>
  </datafield>
  <datafield tag="040" ind1=" " ind2=" ">
    <subfield code="a">SEACOMEC</subfield>
  </datafield>
  <datafield tag="082" ind1=" " ind2=" ">
    <subfield code="a">004.6</subfield>
    <subfield code="b">C732</subfield>
  </datafield>
  <datafield tag="100" ind1=" " ind2=" ">
    <subfield code="a"> Comer, Douglas, E </subfield>
  </datafield>
  <datafield tag="245" ind1="1" ind2=" ">
    <subfield code="a">Internetworking with TCP/IP, Vol. 3 Client server programming and application</subfield>
    <subfield code="c">Douglas, E Comer and  David L  Stevens,</subfield>
  </datafield>
  <datafield tag="250" ind1=" " ind2=" ">
    <subfield code="a">2nd ed.</subfield>
  </datafield>
  <datafield tag="260" ind1=" " ind2=" ">
    <subfield code="a"> Delhi </subfield>
    <subfield code="b"> Pearson</subfield>
    <subfield code="c">2008</subfield>
  </datafield>
  <datafield tag="300" ind1=" " ind2=" ">
    <subfield code="a">Vol.3</subfield>
  </datafield>
  <datafield tag="650" ind1=" " ind2=" ">
    <subfield code="a"> Computer network</subfield>
  </datafield>
  <datafield tag="942" ind1=" " ind2=" ">
    <subfield code="c">BOOK</subfield>
  </datafield>
  <datafield tag="952" ind1=" " ind2=" ">
    <subfield code="0">0</subfield>
    <subfield code="1">0</subfield>
    <subfield code="2">ddc</subfield>
    <subfield code="4">0</subfield>
    <subfield code="7">0</subfield>
    <subfield code="a">SEACOMEC</subfield>
    <subfield code="b">SEACOMEC</subfield>
    <subfield code="d">2008-03-27</subfield>
    <subfield code="l">0</subfield>
    <subfield code="o">004.6 C732</subfield>
    <subfield code="p">10312</subfield>
    <subfield code="r">2024-07-03 13:45:42</subfield>
    <subfield code="w">2024-07-03</subfield>
    <subfield code="y">BOOK</subfield>
  </datafield>
  <datafield tag="952" ind1=" " ind2=" ">
    <subfield code="0">0</subfield>
    <subfield code="1">0</subfield>
    <subfield code="2">ddc</subfield>
    <subfield code="4">0</subfield>
    <subfield code="7">0</subfield>
    <subfield code="a">SEACOMEC</subfield>
    <subfield code="b">SEACOMEC</subfield>
    <subfield code="d">2008-03-27</subfield>
    <subfield code="l">0</subfield>
    <subfield code="o">004.6 C732</subfield>
    <subfield code="p">10313</subfield>
    <subfield code="r">2024-07-03 13:46:15</subfield>
    <subfield code="t">1</subfield>
    <subfield code="w">2024-07-03</subfield>
    <subfield code="y">BOOK</subfield>
  </datafield>
  <datafield tag="952" ind1=" " ind2=" ">
    <subfield code="0">0</subfield>
    <subfield code="1">0</subfield>
    <subfield code="2">ddc</subfield>
    <subfield code="4">0</subfield>
    <subfield code="7">0</subfield>
    <subfield code="a">SEACOMEC</subfield>
    <subfield code="b">SEACOMEC</subfield>
    <subfield code="d">2008-03-27</subfield>
    <subfield code="l">0</subfield>
    <subfield code="o">004.6 C732</subfield>
    <subfield code="p">10314</subfield>
    <subfield code="r">2024-07-03 13:46:15</subfield>
    <subfield code="t">2</subfield>
    <subfield code="w">2024-07-03</subfield>
    <subfield code="y">BOOK</subfield>
  </datafield>
  <datafield tag="952" ind1=" " ind2=" ">
    <subfield code="0">0</subfield>
    <subfield code="1">0</subfield>
    <subfield code="2">ddc</subfield>
    <subfield code="4">0</subfield>
    <subfield code="7">0</subfield>
    <subfield code="a">SEACOMEC</subfield>
    <subfield code="b">SEACOMEC</subfield>
    <subfield code="d">2008-03-27</subfield>
    <subfield code="l">0</subfield>
    <subfield code="o">004.6 C732</subfield>
    <subfield code="p">10315</subfield>
    <subfield code="r">2024-07-03 13:46:15</subfield>
    <subfield code="t">3</subfield>
    <subfield code="w">2024-07-03</subfield>
    <subfield code="y">BOOK</subfield>
  </datafield>
  <datafield tag="952" ind1=" " ind2=" ">
    <subfield code="0">0</subfield>
    <subfield code="1">0</subfield>
    <subfield code="2">ddc</subfield>
    <subfield code="4">0</subfield>
    <subfield code="7">0</subfield>
    <subfield code="a">SEACOMEC</subfield>
    <subfield code="b">SEACOMEC</subfield>
    <subfield code="d">2008-03-27</subfield>
    <subfield code="l">0</subfield>
    <subfield code="o">004.6 C732</subfield>
    <subfield code="p">10316</subfield>
    <subfield code="r">2024-07-03 13:46:15</subfield>
    <subfield code="t">4</subfield>
    <subfield code="w">2024-07-03</subfield>
    <subfield code="y">BOOK</subfield>
  </datafield>
  <datafield tag="952" ind1=" " ind2=" ">
    <subfield code="0">0</subfield>
    <subfield code="1">0</subfield>
    <subfield code="2">ddc</subfield>
    <subfield code="4">0</subfield>
    <subfield code="7">0</subfield>
    <subfield code="a">SEACOMEC</subfield>
    <subfield code="b">SEACOMEC</subfield>
    <subfield code="d">2008-03-27</subfield>
    <subfield code="l">0</subfield>
    <subfield code="o">004.6 C732</subfield>
    <subfield code="p">10317</subfield>
    <subfield code="r">2024-07-03 13:46:15</subfield>
    <subfield code="t">5</subfield>
    <subfield code="w">2024-07-03</subfield>
    <subfield code="y">BOOK</subfield>
  </datafield>
  <datafield tag="952" ind1=" " ind2=" ">
    <subfield code="0">0</subfield>
    <subfield code="1">0</subfield>
    <subfield code="2">ddc</subfield>
    <subfield code="4">0</subfield>
    <subfield code="7">0</subfield>
    <subfield code="a">SEACOMEC</subfield>
    <subfield code="b">SEACOMEC</subfield>
    <subfield code="d">2008-03-27</subfield>
    <subfield code="l">0</subfield>
    <subfield code="o">004.6 C732</subfield>
    <subfield code="p">10318</subfield>
    <subfield code="r">2024-07-03 13:46:15</subfield>
    <subfield code="t">6</subfield>
    <subfield code="w">2024-07-03</subfield>
    <subfield code="y">BOOK</subfield>
  </datafield>
  <datafield tag="952" ind1=" " ind2=" ">
    <subfield code="0">0</subfield>
    <subfield code="1">0</subfield>
    <subfield code="2">ddc</subfield>
    <subfield code="4">0</subfield>
    <subfield code="7">0</subfield>
    <subfield code="a">SEACOMEC</subfield>
    <subfield code="b">SEACOMEC</subfield>
    <subfield code="d">2008-03-27</subfield>
    <subfield code="l">0</subfield>
    <subfield code="o">004.6 C732</subfield>
    <subfield code="p">10319</subfield>
    <subfield code="r">2024-07-03 13:46:15</subfield>
    <subfield code="t">7</subfield>
    <subfield code="w">2024-07-03</subfield>
    <subfield code="y">BOOK</subfield>
  </datafield>
  <datafield tag="952" ind1=" " ind2=" ">
    <subfield code="0">0</subfield>
    <subfield code="1">0</subfield>
    <subfield code="2">ddc</subfield>
    <subfield code="4">0</subfield>
    <subfield code="7">0</subfield>
    <subfield code="a">SEACOMEC</subfield>
    <subfield code="b">SEACOMEC</subfield>
    <subfield code="d">2008-03-27</subfield>
    <subfield code="l">0</subfield>
    <subfield code="o">004.6 C732</subfield>
    <subfield code="p">10320</subfield>
    <subfield code="r">2024-07-03 13:46:15</subfield>
    <subfield code="t">8</subfield>
    <subfield code="w">2024-07-03</subfield>
    <subfield code="y">BOOK</subfield>
  </datafield>
  <datafield tag="952" ind1=" " ind2=" ">
    <subfield code="0">0</subfield>
    <subfield code="1">0</subfield>
    <subfield code="2">ddc</subfield>
    <subfield code="4">0</subfield>
    <subfield code="7">0</subfield>
    <subfield code="a">SEACOMEC</subfield>
    <subfield code="b">SEACOMEC</subfield>
    <subfield code="d">2008-03-27</subfield>
    <subfield code="l">0</subfield>
    <subfield code="o">004.6 C732</subfield>
    <subfield code="p">10321</subfield>
    <subfield code="r">2024-07-03 13:46:15</subfield>
    <subfield code="t">9</subfield>
    <subfield code="w">2024-07-03</subfield>
    <subfield code="y">BOOK</subfield>
  </datafield>
  <datafield tag="999" ind1=" " ind2=" ">
    <subfield code="c">1396</subfield>
    <subfield code="d">1396</subfield>
  </datafield>
</record>
